Barcelona 21/22 - Statystyki

Ogólne statystyki
  • Ten quiz został rozwiązany 102 razy
  • Średni wynik to 18 z 30
Statystyki odpowiedzi
Hint Odpowiedź % Poprawnych
BR Ter Stegen
99%
LO Alba
87%
DP Busquets
86%
SO Pique
84%
SP Pedri
82%
N Luuk de Jong
80%
SP Frankie de Jong
79%
BR Neto
79%
SP Gavi
77%
SP/PO Sergi Roberto
77%
PN Dembele
74%
SO Umtiti
74%
SO Araujo
72%
LN Fati
72%
SO Lenglet
72%
PN Torres
68%
PO Dest
67%
PO Alves
63%
N Depay
62%
LO Balde
57%
SO Garcia
53%
SP Nico
43%
PN Traore
43%
SO Mingueza
40%
SP Puig
32%
N Braithwaite
31%
LN Ez Abde
29%
BR Tenas
26%
PO Wague
16%
N Aubumeyang
0%
Nie znaleziono quizów pasujących do podanych kryteriów
Rozkład punktacji
Procent ludzi z każdym wynikiem
Percentyl według liczby udzielonych odpowiedzi
Twoja historia wyników
Nie rozwiązałeś tego quizu